| 000 | 00790nam a2200241Ia 4500 | ||
|---|---|---|---|
| 003 | GCL | ||
| 008 | 140319s9999 xx 000 0 ara d | ||
| 040 |
_aGCL / _cGCL |
||
| 082 | 0 | 4 |
_a350.996 _bك س |
| 100 | 1 | _aكلتيجارد, روبرت | |
| 245 | 1 | 0 |
_aالسيطرة على الفساد / _cكلتيجارد, روبرت |
| 700 | 1 | _aعلى حسين حجاج (مترجم) | |
| 700 | 1 | _aفاروق جراز (مراجع) | |
| 260 |
_a[S.N] : _bدار البشير ، _c1994 |
||
| 300 | _a285 ص | ||
| 490 | _a | ||
| 650 | 0 | 4 | _aالفساد الادارى |
| 650 | 0 | 4 | _aاتخاذ القرارات |
| 650 | 0 | 4 | _aالفساد السياسى |
| 650 | 0 | 4 | _aالفلبين, الفساد الادارى |
| 650 | 0 | 4 | _aهونج كونج, الفساد الادارى |
| 942 |
_2ddc _cBK |
||
| 999 |
_c56907 _d56907 |
||